| 000 | 00872nam a2200325 a 4500 | ||
|---|---|---|---|
| 003 | AR-BaBNM | ||
| 005 | 20251128205950.0 | ||
| 008 | 082120s2002 ||||||||||||||000 | spa|| | ||
| 020 | _a84-88155-25-5 | ||
| 040 | _cAR-BaBNM | ||
| 100 | 1 | _aWren, Lassiter | |
| 245 | 0 | 0 | _aEl detective es usted |
| 260 |
_aMadrid _bJuegos _bZugarto Ediciones _c1993 |
||
| 300 |
_a125 p. _bil. |
||
| 490 | 0 |
_aDe mente _vv. 13 |
|
| 650 | 4 | _aJUEGO | |
| 650 | 4 | _aJUEGOS EDUCATIVOS | |
| 650 | 4 | _aDESEMPEÑO DE UN ROL | |
| 650 | 4 | _aJUEGO [METODO DE ENSEÑANZA] | |
| 650 | 4 | _aMETODOS ACTIVOS | |
| 650 | 4 | _aACTIVIDADES DE APRENDIZAJE | |
| 650 | 4 | _aLOGICA | |
| 650 | 4 | _aPRUEBAS DE INTELIGENCIA | |
| 700 | 1 | _aMcKay, Randle | |
| 700 | 1 |
_aUribe, Diego _eeditor |
|
| 800 | 1 |
_aPoniachik, Jaime _edirector |
|
| 800 | 1 |
_aSamoilovich, Daniel _edirector |
|
| 942 | _cBK | ||
| 998 | _cMARTIN | ||
| 999 |
_c13509 _d13509 |
||